000 01296nam a2200337 a 4500
001 ebr10683110
003 CaPaEBR
006 m u
007 cr cn|||||||||
008 110301s2011 nyua sb 001 0 eng d
010 _z 2011003828
020 _z9781612094465 (hardcover)
020 _z9781622571161 (e-book)
040 _aCaPaEBR
_cCaPaEBR
035 _a(OCoLC)836870525
050 1 4 _aQC28
_b.T44 2011eb
082 0 4 _a530
_222
245 0 0 _aTheoretical physics research developments
_h[electronic resource] /
_cJohn P. Sullivan and Andrew L. Montey, editors.
260 _aNew York :
_bNova Science Publishers,
_c2011.
300 _aix, 228 p. :
_bill.
490 1 _aPhysics research and technology
504 _aIncludes bibliographical references and index.
533 _aElectronic reproduction.
_bPalo Alto, Calif. :
_cebrary,
_d2013.
_nAvailable via World Wide Web.
_nAccess may be limited to ebrary affiliated libraries.
650 0 _aPhysics.
655 7 _aElectronic books.
_2local
700 1 _aSullivan, John P.
700 1 _aMontey, Andrew L.
710 2 _aebrary, Inc.
830 0 _aPhysics research and technology.
856 4 0 _uhttp://site.ebrary.com/lib/rucke/Doc?id=10683110
_zAn electronic book accessible through the World Wide Web; click to view
999 _c32395
_d32395